Kraje Europy w 1870 na Mapie - Statystyki

Ogólne statystyki
  • Ten quiz został rozwiązany 134 razy
  • Średni wynik to 23 z 29
Odpowiedzi na mapie
Odpowiedzi zakodowano w zielono-czerwonej skali na mapie do tego quizu, zgodnie z poniższymi procentami.
 
Statystyki odpowiedzi
Kraje % Poprawnych
Konfederacja Północnoniemiecka
98%
Imperium Francuzkie
96%
Imperium Rosyjskie
96%
Włochy
96%
Imperium Austro-Węgierskie
95%
Hiszpania
93%
Imperium Osmańskie
93%
Szwecja
93%
Dania
92%
Konfederacja Szwajcarska
92%
Norwegia
92%
Wielka Brytania
92%
Belgia
91%
Portugalia
91%
Grecja
90%
San Marino
89%
Holandia
87%
Luksemburg
85%
Monako
85%
Andora
84%
Liechtenstein
84%
Rumunia
83%
Państwa Kościelne
78%
Czarnogóra
74%
Serbia
70%
Bawaria
69%
Badenia
21%
Wirtembergia
19%
Hesja
17%
Nie znaleziono quizów pasujących do podanych kryteriów
Rozkład punktacji
Procent ludzi z każdym wynikiem
Percentyl według liczby udzielonych odpowiedzi
Twoja historia wyników
Nie rozwiązałeś tego quizu